000 00233nam a22000857a 4500
008 160628b xxu||||| |||| 00| 0 eng d
100 _91283
_a Biswas, A., et al
245 _aThe Medieval India
260 _aNew Delhi
_bArya Publication
_c2004
999 _c1050
_d1050